Lejislación sobre accidentes del trabajo
Saved in:
| Hovedforfatter: | |
|---|---|
| Institution som forfatter: | |
| Format: | Bog |
| Sprog: | spansk |
| Udgivet: |
Santiago, Chile
Nacional
1917
|
| Fag: | |
| Tags: |
Tilføj Tag
Ingen Tags, Vær først til at tagge denne postø!
|
MARC
| LEADER | 00000nam a2200000 a 4500 | ||
|---|---|---|---|
| 001 | UCR4167 | ||
| 003 | CL-VaPUC | ||
| 005 | 20240830115036.0 | ||
| 008 | 980307e19170000CL |||||||||||||||||spa|d | ||
| 999 | |c 267118 |d 267116 | ||
| 040 | |c Pontificia Universidad Católica de Valparaíso | ||
| 082 | 0 | 4 | |a 344.047 FRI 1917 |2 21 |
| 100 | 0 | |a Frías Collao, E |e autor |9 403867 | |
| 110 | 2 | |a Ministerio del Interior. República de Chile |e autor |9 403868 | |
| 245 | 1 | 0 | |a Lejislación sobre accidentes del trabajo |
| 260 | 0 | 3 | |a Santiago, Chile |b Nacional |c 1917 |
| 300 | |a 339 páginas | ||
| 583 | |a last modification |c 19980307 00:00:00 |k Rodrigo Vera | ||
| 650 | 0 | |a Accidentes de trabajo |9 254901 | |
| 650 | 7 | |a ENFERMEDADES OCUPACIONALES |2 CL-VaPUC |9 254903 | |
| 650 | 0 | |a Condiciones de trabajo |9 359118 | |
| 650 | 7 | |a MEDICINA DEL TRABAJO |2 CL-VaPUC |9 358736 | |
| 650 | 0 | |a Prevención de accidentes |9 262912 | |
| 942 | |c BK |2 ddc | ||
| 945 | |d 19980307 00:00:00 |a cmena | ||
| 952 | |0 0 |1 0 |2 ddc |4 0 |6 344_047000000000000_FRI_1917 |7 0 |8 X |9 299299 |a BIBDER |b BIBDER |d 2019-11-20 |i 1958224 |o 344.047 FRI 1917 |p 1958224 |r 2023-01-25 |t 1 |w 2019-11-20 |y BK_X |k DER | ||